Statistics for NBA Rookie Of The Year

Click here to take the quiz!

General Stats

  • This quiz has been taken 21 times
  • The average score is 36 of 70

Answer Stats

YearTeamAnswer% Correct
2004CavaliersLeBron James
100%
1985BullsMicheal Jordan
100%
1999RaptorsVince Carter
100%
2009BullsDerrick Rose
94%
2008SupersonicsKevin Durant
94%
2012CavaliersKyrie Irving
94%
1980CelticsLarry Bird
94%
1992HornetsLarry Johnson
94%
1993MagicShaquille O’neal
94%
201876ersBen Simmons
88%
2006HornetsChris Paul
88%
2013Trail BlazersDamian Lillard
88%
1986KnicksPatrick Ewing
88%
1998SpursTim Duncan
88%
2003SunsAmar’e Stoudemire
81%
2015TimberwolvesAndrew Wiggins
81%
2011ClippersBlake Griffin
81%
1990SpursDavid Robinson
81%
2016TimberwolvesKarl Anthony Towns
81%
2019MavericksLuka Doncic
81%
201476ersMicheal Carter-Williams
81%
199776ersAllen Iverson
75%
1995MavericksJason Kidd
75%
1970BucksKareem Abdul-Jabbar
75%
2001MagicMike Miller
75%
1960WarriorsWilt Chamberlain
75%
1955HawksBob Pettit
69%
1982NetsBuck Williams
69%
2017BucksMalcolm Brogdon
69%
1961RoyalsOscar Robertson
69%
2007Trail BlazersBrandon Roy
63%
1959LakersElgin Baylor
63%
2002GrizzliesPau Gasol
63%
2005BobcatsEmeka Okafor
56%
1969BulletsWes Unseld
56%
1965KnicksWillis Reed
56%
1973BravesBob McAdoo
44%
1994WarriorsChris Webber
44%
2000BullsElton Brand
44%
1995PistonsGrant Hill
44%
1984RocketsRalph Sampson
44%
2000RocketsSteve Francis
44%
2010KingsTyreke Evans
44%
1978SunsWalter Davis
44%
1996RaptorsDamom Stoudamire
38%
1991NetsDerrick Coleman
38%
1966WarriorsRick Barry
31%
1971CelticsDave Cowens
25%
1988KnicksMark Jackson
25%
1976SunsAlvan Adams
19%
1981JazzDarrell Griffith
19%
1967PistonsDave Bing
19%
1989WarriorsMirch Richmond
19%
1962PackersWalt Bellamy
19%
1977BravesAdrian Dantley
13%
1987PacersChuck Person
13%
1968BulletsEarl Monroe
13%
1964RoyalsJerry Lucas
13%
1983ClippersTerry Cummings
13%
1971Trail BlazersGeoff Petrie
6%
1957CelticsTom Heinsohn
6%
1974BravesErnie DiGregorio
0%
1975WarriorsJamaal Wilkes
0%
1956RoyalsMaurice Stokes
0%
1953PistonsMonk Meineke
0%
1979KingsPhil Ford
0%
1954BulletsRay Felix
0%
1972Trail BlazersSidney Wicks
0%
1963ZephyrsTerry Dischinger
0%
1958WarriorsWoody Sauldsberry
0%

Score Distribution

Percentile by Number Answered

Percent of People with Each Score

Your Score History

You have not taken this quiz